|
|
|
|
| LEADER |
01256nam a2200301 a 4500 |
| 001 |
15125271 |
| 003 |
BD-DhAAL |
| 008 |
120801s2008 enka b 001 0 eng d |
| 010 |
|
|
|a 2007052259
|
| 020 |
|
|
|a 9780415466141 (hardback : alk. paper)
|
| 020 |
|
|
|a 9780203894750 (e-book)
|
| 040 |
|
|
|a DLC
|c DLC
|d DLC
|d BD-DhAAL
|
| 082 |
0 |
0 |
|a 300
|2 22
|
| 245 |
0 |
0 |
|a Changing images of civil society :
|b from protest to government /
|c edited by Bruno Jobert and Beate Kohler-Koch.
|
| 260 |
|
|
|a London ;
|a New York :
|b Routledge,
|c c2008.
|
| 300 |
|
|
|a xiv, 219 p. :
|b ill. ;
|c 24 cm.
|
| 490 |
1 |
|
|a Routledge studies in governance and public policy ;
|v 11
|
| 504 |
|
|
|a Includes bibliographical references and index.
|
| 541 |
|
|
|e 00025789
|
| 650 |
|
0 |
|a Civil society.
|
| 650 |
|
0 |
|a Civil society
|v Case studies.
|9 9959
|
| 700 |
1 |
|
|a Jobert, Bruno.
|9 53458
|
| 700 |
1 |
|
|a Kohler-Koch, Beate,
|d 1941-
|9 53459
|
| 830 |
|
|
|a Routledge studies in governance and public policy ;
|v 11
|9 53441
|
| 852 |
4 |
|
|a Ayesha Abed Library
|j General shelf.
|
| 942 |
|
|
|2 ddc
|c BK
|
| 999 |
|
|
|c 12665
|d 12665
|
| 952 |
|
|
|0 0
|1 0
|2 ddc
|4 0
|6 300_000000000000000_CHA
|7 0
|9 20898
|a IGS
|b IGS
|c GEN
|d 2012-08-02
|e Karim International
|g 2860.00
|l 1
|m 2
|o 300 CHA
|p 3010025789
|r 2014-06-09
|s 2013-02-14
|t 1
|w 0000-00-00
|y BK
|x Available
|